000 00301nam a22001337a 4500
008 170525b xxu||||| |||| 00| 0 eng d
020 _a0906048389
041 _aeng
080 _a519.857
100 _a26
101 _aIM
245 _aMODELLING OF DYNAMICALL SYSTEM
_cNICHOLSON,H
942 _2udc
_cBK
999 _c14215
_d14215